[Discursos pronunciados en la Real Academia de Medicina de Madrid (Record no. 170416)

MARC details
000 -LEADER
campo de control de longitud fija 01391nam a2200205 i 4500
001 - NÚMERO DE CONTROL
campo de control 170416
003 - IDENTIFICADOR DE NÚMERO DE CONTROL
campo de control ES-MaACL
005 - FECHA Y HORA DE LA ÚLTIMA TRANSACCIÓN
campo de control 20250806045157.0
008 - DATOS DE LONGITUD FIJA--INFORMACIÓN GENERAL
campo de control de longitud fija 090304s19071908sp |||| | spa d
110 2# - ENTRADA PRINCIPAL--NOMBRE DE ENTIDAD CORPORATIVA
Nombre de entidad corporativa o nombre de jurisdicción como elemento de entrada Real Academia de Medicina de Madrid
9 (RLIN) 6318
245 11 - MENCIÓN DEL TÍTULO
Título [Discursos pronunciados en la Real Academia de Medicina de Madrid
Resto del título : 1907-1908].
260 ## - PUBLICACIÓN, DISTRIBUCIÓN, ETC.
Lugar de publicación, distribución, etc. Madrid :
Nombre del editor, distribuidor, etc. [s.n.],
Fecha de publicación, distribución, etc. 1907 (
Lugar de fabricación/manufactura Graf. Enrique Teodoro)
300 ## - DESCRIPCIÓN FÍSICA
Extensión 1 v. ;
Dimensiones 27 cm.
500 ## - NOTA GENERAL
Nota general En port.: Memoria leída en la solemne sesión inagural del año de 1907 en la Real Academia de Madicina.
505 8# - NOTA DE CONTENIDO CON FORMATO
Nota de contenido con formato Contiene: [Resumen de la historia y tareas desempeñadas por la Academia en el año 1906] / Manuel Iglesias y Díaz (32 p.). Algunas reflexiones acerca de la cirugía gástrica / José Ribera y Sans (209 p.). El órgano del alma / Tomás Maestre y Pérez (71 p.). Discurso.../ José Gómez Ocaña (p. 73-99). La rabia y su profilaxis / Dalmacio García e Izcara (63 p.). Discurso.../ Santiago de la Villa y Martín (p. 65-78). Textura y fisiología del peritoneo / Enrique de Isla y Bolomburu (66 p.). Discurso.../ Julián Calleja y Sánchez (p.67-79). Cómo debe enterderse actualmente la llamada cirugía conservadora / Luis Guedea y Calvo (92 p)
545 ## - DATOS BIOGRÁFICOS O HISTÓRICOS
Datos biográficos o históricos Ded. autográfa del autor a la Biblioteca del Ateneo.
852 ## - LOCALIZACIÓN
Ubicación ES-MaACL
itemnumber 177069
Número de control de estantería K-109
942 ## - ELEMENTOS DE ENTRADA SECUNDARIOS (KOHA)
Fuente del sistema de clasificación o colocación Clasificación decimal universal
Holdings
Estatus retirado Estado de pérdida Estado de daño No para préstamo Biblioteca de origen Biblioteca actual Ubicación en estantería Fecha de adquisición Total de préstamos Signatura topográfica completa Código de barras Visto por última vez Precio de reemplazo Tipo de ítem Koha
        Biblioteca del Ateneo de Madrid Biblioteca del Ateneo de Madrid Administración 04/03/2009   K-109 1178894 23/02/2023 23/02/2023 Libro impreso